| 000 | 00715nam a2200205 a 4500 | ||
|---|---|---|---|
| 005 | 20260309114101.0 | ||
| 008 | 991125s1993 mx 000 0 spa u | ||
| 020 | _a9686492771 | ||
| 035 | _aUPN01000004476 | ||
| 049 | _aCG | ||
| 050 | 4 |
_aNA9132 CH2 _bM3.38 |
|
| 100 | 1 | _aMarkman, Sidney David | |
| 245 | 1 | 0 |
_aArquitectura y urbanización en el Chiapas colonial / _cSidney David Markman ; tr. Annabella Muñoz Rincón. |
| 260 |
_aTuxtla Gutiérrez : _bGobierno del Estado de Chiapas : _bInstituto Chiapaneco de Cultura, _c1993. |
||
| 300 |
_a604 p. : _bil. |
||
| 440 | 0 |
_aChiapas. _pCientífica |
|
| 650 | 4 |
_aArquitectura _zChiapas _xHistoria _92326 |
|
| 650 | 4 |
_aURBANIZACION - _zCHIAPAS - _xHISTORIA |
|
| 905 | _aLibro | ||
| 999 |
_c4476 _d4476 |
||